000 00777nas a2200277 4500
001 BR9213241
003 BR-BrBNA
005 20231205095239.0
007 ta
008 230509b bl.|||p| |||| 00| 00por d
040 _aBR-BrBNA
_bpor
_cBiblioteca Nacional de Agricultura
041 _a(Pt)
072 _aF02
100 1 _aStaduto, F.W.R.
100 1 _aFernandes, M. de A.
100 1 _aRosolem, C.A.
100 1 _aNakagawa, J.
245 1 _aTaxa de elongacao do hipocotilo da soja em funcao da temperatura
650 _aSoja
650 _aGerminacao
650 _aPlantula
650 _aEmergencia
773 0 _tCientifica (Brazil)
_xISSN 0100-0039
_g(1991), v. 19(1) p. 169-179
_wBR9213241
909 _a202311
_bLúcia
_c55
_dLúcia Elande
942 _2AGRIS
_n0
_cANA
999 _c149583
_d149583